[Event "Bundesliga 2122"]
[Site "Germany"]
[Date "2022.05.29"]
[Round "10.4"]
[White "Gumularz, Szymon"]
[Black "Vandenbussche, Thibaut"]
[Result "1-0"]
[WhiteElo "2539"]
[BlackElo "2407"]
[PlyCount "61"]
[EventDate "2022.03.05"]
[EventType "team-tourn"]
[EventRounds "15"]
[EventCountry "GER"]
[SourceTitle "EXT 2023"]
[Source "ChessBase"]
[SourceDate "2022.10.05"]
[SourceVersion "1"]
[SourceVersionDate "2022.10.05"]
[SourceQuality "1"]
[WhiteTeam "Berlin SF"]
[BlackTeam "Aachen"]
[WhiteTeamCountry "GER"]
[BlackTeamCountry "GER"]

1. d4 d5 2. c4 e6 3. Nf3 c5 4. cxd5 exd5 5. Nc3 Nc6 6. dxc5 d4 7. Na4 Bxc5 8. Nxc5 Qa5+ 9. Bd2 Qxc5 10. Rc1 Qb6 11. e3 Nf6 12. Bc4 dxe3 13. Bxe3 Qb4+ 14. Qd2 Qxd2+ 15. Kxd2 0-0 16. Rhd1 Bg4 17. Ke2 Ne5 18. Bb3 Nxf3 19. gxf3 Be6 20. Bxe6 fxe6 21. Rd6 Nd5 22. Rxe6 Rf5 23. Rd6 b6 24. Rd7 Nxe3 25. fxe3 Rh5 26. Rcc7 Rxh2+ 27. Kf1 g6 28. Kg1 Rxb2 29. Rg7+ Kf8 30. Rcf7+ Ke8 31. Rf4 1-0

[Event "NED-chT 2122"]
[Site "Netherlands"]
[Date "2022.04.02"]
[Round "8.3"]
[White "Vandenbussche, Thibaut"]
[Black "Pruijssers, Roeland"]
[Result "0-1"]
[WhiteElo "2401"]
[BlackElo "2570"]
[PlyCount "114"]
[EventDate "2021.09.18"]
[EventType "team-tourn"]
[EventRounds "9"]
[EventCountry "NED"]
[SourceTitle "EXT 2024"]
[Source "ChessBase"]
[SourceDate "2023.10.10"]
[SourceVersion "1"]
[SourceVersionDate "2023.10.10"]
[SourceQuality "1"]
[WhiteTeam "Charlois Europoort"]
[BlackTeam "Apeldoorn Amevo"]
[WhiteTeamCountry "NED"]
[BlackTeamCountry "NED"]

1. e4 e5 2. Nf3 Nf6 3. Nc3 Nc6 4. Bb5 Bb4 5. 0-0 0-0 6. Bxc6 dxc6 7. d3 Re8 8. Ne2 Bf8 9. Ng3 c5 10. b3 Nd7 11. Bb2 g6 12. Nd2 Bh6 13. Nc4 b5 14. Ne3 Nb6 15. c4 b4 16. a3 a5 17. axb4 cxb4 18. c5 Nd7 19. d4 Ba6 20. Re1 Bb5 21. Qc2 exd4 22. Bxd4 Bxe3 23. Rxe3 Ne5 24. Qb2 Qe7 25. h3 f6 26. Kh2 Rf8 27. Qc2 Rfd8 28. Qb2 Kg7 29. Bxe5 Qxe5 30. Qc1 Rd4 31. Re1 Rd3 32. Rb1 Rad8 33. Re3 Rd2 34. Rf3 Be2 35. Re3 h5 36. Rxe2 Rxe2 37. f4 Rxg2+ 38. Kxg2 Qd4 39. Qb2 Qe3 40. Nf1 Qxe4+ 41. Kg1 Rd3 42. Qg2 Qxf4 43. c6 Qe5 44. Rb2 Qc5+ 45. Kh1 Qc3 46. Qe4 Rxh3+ 47. Kg2 Qxb2+ 48. Kxh3 Qxb3+ 49. Ng3 Kf7 50. Kh2 Qa2+ 51. Kg1 Qe6 52. Qc2 b3 53. Qc3 a4 54. Kf2 a3 55. Ne2 b2 56. Nf4 b1Q 57. Nxe6 Qb2+ 0-1

[Event "Basel op 24th"]
[Site "Basel"]
[Date "2022.03.06"]
[Round "4"]
[White "Weber, Samuel"]
[Black "Vandenbussche, Thibaut"]
[Result "1/2-1/2"]
[WhiteElo "2250"]
[BlackElo "2407"]
[PlyCount "57"]
[EventDate "2022.03.04"]
[EventType "swiss"]
[EventRounds "5"]
[EventCountry "SUI"]
[SourceTitle "EXT 2024"]
[Source "ChessBase"]
[SourceDate "2023.10.10"]
[SourceVersion "1"]
[SourceVersionDate "2023.10.10"]
[SourceQuality "1"]

1. e4 e6 2. d3 d5 3. Nd2 c5 4. Ngf3 Nf6 5. g3 g6 6. Bg2 Bg7 7. 0-0 0-0 8. Re1 Nc6 9. c3 a5 10. a4 b6 11. exd5 exd5 12. Nb1 Bf5 13. Na3 Qd7 14. Ne5 Nxe5 15. Rxe5 Rae8 16. Bf4 Bh3 17. Bxh3 Qxh3 18. Qf1 Qd7 19. Nb5 h6 20. Rae1 g5 21. Rxe8 Rxe8 22. Be5 Ng4 23. Bc7 Re6 24. h3 Nf6 25. Be5 Ne8 26. Bxg7 Nxg7 27. Rxe6 Qxe6 28. Kg2 Qe7 29. Qd1 1/2-1/2

[Event "BEL-chT 2122"]
[Site "Belgium"]
[Date "2021.11.21"]
[Round "2.2"]
[White "Vandenbussche, Thibaut"]
[Black "Rakotomaharo, Fy Antenaina"]
[Result "0-1"]
[WhiteElo "2413"]
[BlackElo "2484"]
[PlyCount "72"]
[EventDate "2021.10.24"]
[EventType "team-tourn"]
[EventRounds "11"]
[EventCountry "BEL"]
[SourceTitle "EXT 2023"]
[Source "ChessBase"]
[SourceDate "2022.10.05"]
[SourceVersion "1"]
[SourceVersionDate "2022.10.05"]
[SourceQuality "1"]
[WhiteTeam "KBSK Brugge"]
[BlackTeam "Tal"]
[WhiteTeamCountry "BEL"]
[BlackTeamCountry "BEL"]

1. e4 e5 2. Nf3 Nc6 3. Bc4 Bc5 4. c3 Nf6 5. d4 exd4 6. e5 d5 7. Be2 Ne4 8. cxd4 Bb4+ 9. Bd2 Nxd2 10. Nbxd2 0-0 11. 0-0 Ba5 12. Nb3 Bb6 13. Rc1 f6 14. Nc5 Kh8 15. h3 fxe5 16. dxe5 Qe7 17. Qxd5 Nb4 18. Qc4 Nxa2 19. Qxa2 Bxc5 20. Qd5 Bb6 21. Rcd1 a5 22. Bc4 a4 23. Qe4 Ra5 24. Rd2 Bf5 25. Qxb7 Qb4 26. Bd5 c6 27. Qxc6 Rc8 28. Qxc8+ Bxc8 29. e6 Rxd5 30. e7 Qxe7 31. Rxd5 h6 32. Re5 Qc7 33. Ra1 Bb7 34. Ra3 Qc1+ 35. Re1 Bxf2+ 36. Kxf2 Qxb2+ 0-1

[Event "Bundesliga 1920"]
[Site "Germany"]
[Date "2021.10.15"]
[Round "12.3"]
[White "Vandenbussche, Thibaut"]
[Black "Fridman, Daniel"]
[Result "0-1"]
[WhiteElo "2440"]
[BlackElo "2627"]
[PlyCount "104"]
[EventDate "2019.11.23"]
[EventType "team-tourn"]
[EventRounds "15"]
[EventCountry "GER"]
[SourceTitle "EXT 2022"]
[Source "ChessBase"]
[SourceDate "2021.10.06"]
[SourceVersion "1"]
[SourceVersionDate "2021.10.06"]
[SourceQuality "1"]
[WhiteTeam "Aachen"]
[BlackTeam "Muelheim Nord"]
[WhiteTeamCountry "GER"]
[BlackTeamCountry "GER"]

1. e4 c6 2. d4 d5 3. e5 c5 4. dxc5 e6 5. a3 Bxc5 6. b4 Be7 7. Qg4 g6 8. Nf3 a5 9. b5 Nd7 10. Bb2 Nh6 11. Qf4 Nf5 12. h4 Nc5 13. Nbd2 b6 14. Nb3 Qc7 15. Nxc5 Qxc5 16. Bd3 h5 17. a4 Qb4+ 18. Qxb4 Bxb4+ 19. Ke2 Bb7 20. Rhc1 Rc8 21. g3 Rg8 22. Ng5 Bc3 23. Bxc3 Rxc3 24. Kd2 d4 25. Be4 Bd5 26. Nh7 Ke7 27. Nf6 Rd8 28. Nxd5+ exd5 29. Bd3 Ng7 30. Rcb1 Ne6 31. Rb3 Rdc8 32. Raa3 Rxb3 33. Rxb3 Nc5 34. Ra3 Ke6 35. f4 Ne4+ 36. Ke1 Rc3 37. Rxc3 Nxc3 38. Bf1 Nxa4 39. Bh3+ Ke7 40. f5 Nc3 41. f6+ Ke8 42. g4 hxg4 43. Bxg4 a4 44. Kd2 a3 45. Kc1 Nxb5 46. h5 gxh5 47. Bxh5 Kf8 48. Kb1 Nc3+ 49. Ka1 d3 50. cxd3 b5 51. d4 b4 52. Bxf7 b3 0-1

[Event "BEL-ch"]
[Site "Bruges"]
[Date "2021.08.17"]
[Round "4"]
[White "Dardha, Daniel"]
[Black "Vandenbussche, Thibaut"]
[Result "1/2-1/2"]
[WhiteElo "2506"]
[BlackElo "2432"]
[PlyCount "219"]
[EventDate "2021.08.14"]
[EventType "tourn"]
[EventRounds "9"]
[EventCountry "BEL"]
[EventCategory "7"]
[SourceTitle "CBM 203 Extra"]
[Source "ChessBase"]
[SourceDate "2021.09.30"]
[SourceVersion "1"]
[SourceVersionDate "2021.09.30"]
[SourceQuality "1"]

1. d4 d5 2. c4 e6 3. Nf3 c5 4. cxd5 exd5 5. g3 Nc6 6. Bg2 Nf6 7. 0-0 c4 8. b3 cxb3 9. Qxb3 Be7 10. Nc3 0-0 11. Bg5 Na5 12. Qb5 Be6 13. Ne5 a6 14. Qd3 h6 15. Bxf6 Bxf6 16. Rad1 Rc8 17. f4 Nc4 18. Qf3 Bxe5 19. dxe5 Qb6+ 20. Qf2 Qxf2+ 21. Kxf2 Nxe5 22. Nxd5 Ng4+ 23. Kg1 Rc2 24. Nb4 Rxe2 25. Bxb7 Nxh2 26. Bxa6 Nxf1 27. Bxe2 Nxg3 28. Bf3 Rb8 29. a3 g5 30. fxg5 hxg5 31. Kf2 Nf5 32. Rg1 f6 33. Re1 Nd4 34. Re4 Nxf3 35. Rxe6 Kf7 36. Ra6 Ne5 37. Nd5 Rb2+ 38. Ke3 Ng4+ 39. Ke4 Rf2 40. a4 f5+ 41. Kd3 Ra2 42. a5 Ra3+ 43. Kd4 Ra4+ 44. Kc5 f4 45. Kb5 Ra1 46. Ra7+ Ke6 47. Nc3 f3 48. Ne4 f2 49. Nxf2 Nxf2 50. Rg7 Kf6 51. Rg8 Ne4 52. Kb6 Kf7 53. Rd8 g4 54. Rd4 Nf6 55. a6 Ke6 56. a7 g3 57. Rd3 Nd7+ 58. Kb5 Rxa7 59. Rxg3 Ne5 60. Rg1 Rb7+ 61. Kc5 Rc7+ 62. Kb4 Nd3+ 63. Kb3 Kd5 64. Rg5+ Ne5 65. Rh5 Rb7+ 66. Kc3 Rg7 67. Kb3 Rg3+ 68. Kb4 Rg4+ 69. Kc3 Ke4 70. Rh3 Rg6 71. Rh4+ Ke3 72. Rh3+ Nf3 73. Rh8 Rc6+ 74. Kb4 Ke4 75. Rh7 Ne5 76. Rh4+ Kd5 77. Rh5 Rc4+ 78. Kb3 Rg4 79. Kc3 Rg3+ 80. Kb4 Kd4 81. Rh4+ Ng4 82. Rh8 Nf6 83. Rh4+ Kd5 84. Rh8 Rg4+ 85. Kb5 Rg7 86. Rd8+ Nd7 87. Kb4 Kc6 88. Rc8+ Kd6 89. Rh8 Rg4+ 90. Kc3 Nf6 91. Kd3 Kd5 92. Rd8+ Ke5 93. Ra8 Rd4+ 94. Ke3 Nd5+ 95. Ke2 Rb4 96. Re8+ Kd4 97. Rd8 Rb3 98. Kf2 Rb2+ 99. Kf3 Rb7 100. Ke2 Re7+ 101. Kf3 Re3+ 102. Kf2 Ra3 103. Ke2 Ra5 104. Kf3 Ke5 105. Re8+ Kf5 106. Rf8+ Nf6 107. Ke3 Ke5 108. Kd3 Nd7 109. Rh8 Kd5 110. Rd8 1/2-1/2

[Event "BEL-ch"]
[Site "Bruges"]
[Date "2021.08.15"]
[Round "2"]
[White "Malakhatko, Vadim"]
[Black "Vandenbussche, Thibaut"]
[Result "1/2-1/2"]
[WhiteElo "2442"]
[BlackElo "2432"]
[PlyCount "67"]
[EventDate "2021.08.14"]
[EventType "tourn"]
[EventRounds "9"]
[EventCountry "BEL"]
[EventCategory "7"]
[SourceTitle "CBM 203 Extra"]
[Source "ChessBase"]
[SourceDate "2021.09.30"]
[SourceVersion "1"]
[SourceVersionDate "2021.09.30"]
[SourceQuality "1"]

1. d4 d5 2. c4 e6 3. Nf3 c5 4. cxd5 exd5 5. g3 Nc6 6. Bg2 Nf6 7. 0-0 c4 8. b3 cxb3 9. Qxb3 Be7 10. Bg5 0-0 11. Nc3 Na5 12. Qb1 Be6 13. Bxf6 Bxf6 14. e3 Rc8 15. Rc1 Be7 16. Ne2 Rxc1+ 17. Qxc1 g5 18. Ne5 f6 19. Nd3 b6 20. h4 h6 21. Qb1 Kg7 22. Qb5 Qd6 23. Rc1 Ra8 24. Nc5 bxc5 25. Qxa5 Qb6 26. Qe1 Rb8 27. dxc5 Bxc5 28. Nd4 Bxd4 29. exd4 Bf7 30. Qd2 Qb4 31. Qd3 Re8 32. a3 Re1+ 33. Kh2 Qe7 34. Rxe1 1/2-1/2